| 000 | 01015nam a22002537a 4500 | ||
|---|---|---|---|
| 005 | 20170123164143.0 | ||
| 010 | _aB-230601 | ||
| 020 |
_c80.00 _a817329190 |
||
| 035 | _aB-230601 | ||
| 037 | _bCen Lib/Ret | ||
| 040 |
_aDPL _bPN |
||
| 082 |
_a852 _bਵਹਾਬ |
||
| 100 |
_aਵੀਰ ਵਹਾਬ _92233 |
||
| 245 |
_aਅਸੀਂ ਜੀਨਾ ਭੁਲ ਗਾਏ ਹਾਂ : _cਵੀਰ ਵਹਾਬ _bਨਾਟਕ / |
||
| 246 |
_aAsin jeena bhul gae haan : a full length play / _bby Veer Vahab |
||
| 260 |
_aਦਿੱਲੀ _bਸਿਲਾਲੇਖ _c2006 |
||
| 270 |
_a੪/੩੨ ਸੁਭਾਸ਼ ਗਾਲੀ ਵਿਸ਼ਵਾਸ ਨਗਰ ਸ਼ਹਾਦਰ _bਦਿੱਲੀ _e110051 |
||
| 300 |
_a56p ; _c20cm |
||
| 650 |
_aਪੰਜਾਬੀ ਸਾਹਿਤ-ਨਾਟਕ _9118721 |
||
| 650 |
_aਪੰਜਾਬੀ ਸਾਹਿਤਯ _9118722 |
||
| 650 |
_aPunjabi - literature _9781 |
||
| 650 |
_aPunjabi - Punjabi - Play _9116109 |
||
| 942 |
_2ddc _cPN _h852 _mਵਹਾਬ |
||
| 999 |
_c109780 _d109780 |
||